Central Library OPAC University of Rajshahi

Survey of international Affairs, 1947-1948 / (Record no. 42684)

MARC details
000 -LEADER
fixed length control field 01076nam a2200277 a 4500
001 - CONTROL NUMBER
control field 42684
003 - CONTROL NUMBER IDENTIFIER
rucl marc code BD-RjUL
005 - DATE AND TIME OF LATEST TRANSACTION
control field 20211209053557.0
008 - FIXED-LENGTH DATA ELEMENTS--GENERAL INFORMATION
fixed length control field 160614s1952 enk b 001 0 eng d
035 ## - SYSTEM CONTROL NUMBER
System control number (BD-RjUL)42802
040 ## - CATALOGING SOURCE
Original cataloging agency IFA
Transcribing agency IFA
Modifying agency EUX
-- BD-RjUL
Language of cataloging eng
041 ## - LANGUAGE CODE
Language code of text/sound track or separate title eng
082 ## - DEWEY DECIMAL CLASSIFICATION NUMBER
Edition number 23
Classification number 327
Author mark and year ROS 1952
110 1# - MAIN ENTRY--CORPORATE NAME
Corporate name or jurisdiction name as entry element Royal Institute of International Affairs.
9 (RLIN) 233547
245 10 - TITLE STATEMENT
Title Survey of international Affairs, 1947-1948 /
Statement of responsibility, etc. Royal Institute of International Affairs ; by Peter Calvocoressi ; Assisted by Sheila Harden ; with an introduction by Arnold Toynbee.
260 ## - PUBLICATION, DISTRIBUTION, ETC. (IMPRINT)
Place of publication, distribution, etc. London :
Name of publisher, distributor, etc. Oxford University Press,
Date of publication, distribution, etc. 1952.
300 ## - PHYSICAL DESCRIPTION
Pagination x, 581 p. :
Illustrations ill ;
Size 24 cm.
500 ## - GENERAL NOTE
General note "Issued under the auspices of the Royal Institute of International Affairs"
General note Includes index.
650 #0 - SUBJECT ADDED ENTRY--TOPICAL TERM
Topical term or geographic name as entry element World politics
Chronological subdivision 1945-1955.
9 (RLIN) 131211
Topical term or geographic name as entry element International relations
Chronological subdivision 1945-1955.
9 (RLIN) 233548
700 ## - ADDED ENTRY--PERSONAL NAME
Personal name Calvocoressi, Peter
Personal name Harden, Sheila, jt. auth.
Personal name Toynbee, Arnold, introducer
942 ## - ADDED ENTRY ELEMENTS (KOHA)
Source of classification or shelving scheme Dewey Decimal Classification
Koha item type Rare Books
Holdings
Lost status Source of classification or shelving scheme Damaged status Not for loan Collection code Permanent Location Current Location Shelving location Date acquired Source of acquisition Cost, normal purchase price Total Checkouts Full call number Date last seen Copy number Koha item type
  Dewey Decimal Classification   Not For Loan Rare Books Central Library, University of Rajshahi Central Library, University of Rajshahi Rare Book Section 20/09/1953 B. H. Blackwell 45.00   RA 327 ROS 1952 14/06/2016 C-1 Rare Books